000 00594nam a2200181Ia 4500
003 LK-CoDNM
005 20240730151137.0
008 010623t1959 xxu||||| |||| 00| 1 eng d
040 _aLK-CoDNM
_dLK-CoDNM
_eLK-CoDNM
041 _aeng
080 _a8
_bJJ4.1
100 _aJacobs,Melville.
245 _aThe Content and style of an oral Literature : Clackamas Chinook Myths and Tales
260 _bWenner Gren Foundation for Anthropological Research Incorporated
_aNew York
_c1959
300 _bviii, 285p ; 25 cm
500 _aViking Fund Publications in Anthropology,No.26
942 _cBK
999 _c104930
_d104930